LEADER 01340nam a2200289 i 4500 001 991003280099707536 005 20020509115433.0 008 010514s1974 it 00| 0 ita d 035 $ab11137599-39ule_inst 035 $aPARLA178881$9ExL 040 $aDip.to Filosofia$bita 082 0 $a306.874 100 1 $aLodi, Enrico$0539955 245 10$aIn nome del figlio :$bpiccola enciclopedia altamente istruttiva e alquanto distruttiva, tanto pertinente quanto impertinente dedicata a taluni adulti pervicacemente votati fuor di ogni rimedio alla diseducazione dei fanciulli /$cEnrico Lodi, Mario Moraro ; introduzione di Emanuele Pirella 260 $aRimini :$bGuaraldi,$c1974 300 $a137 p. :$bill. ;$c22 cm 490 0 $aFC 650 4$aFanciulli$xRapporti con i genitori 700 1 $aMoraro, Mario$eauthor$4http://id.loc.gov/vocabulary/relators/aut$0736728 700 1 $aPirella, Emanuele 907 $a.b11137599$b23-02-17$c28-06-02 912 $a991003280099707536 945 $aLE005IF XXX F 47$g1$iLE005IFA-8917$lle005$o-$pE0.00$q-$rl$s- $t0$u0$v0$w0$x0$y.i11277051$z28-06-02 945 $aLE022 MP 76 C 27$g1$i2022000087650$lle022$o-$pE0.00$q-$rl$s- $t0$u0$v0$w0$x0$y.i13955317$z06-12-04 996 $aIn nome del figlio$91456956 997 $aUNISALENTO 998 $ale005$ale022$b01-01-01$cm$da $e-$fita$git $h0$i1 LEADER 02095nam0 22004811i 450 001 UON00018924 005 20231205102008.638 100 $a20020107d1966 |0itac50 ba 101 $ager 102 $aDE 105 $a|||| 1|||| 200 1 $aˆDie ‰Religionen des Alten Iran$fvon H.S. Nyberg$gdeutsch von H.H. Schaeder 210 $aOsnabruck$cZeller$d1966 215 $aXXII, 506 p.$d23 cm 300 $aSul front.: rist. del 1938. 410 1$1001UON00088543$12001 $aMitteilungen der Vorderasiatisch-aegyptischen Gesellschaft (E.V.)$v43 500 1$3UON00353705$aIrans forntida religioner / H. S. Nyberg$930656 606 $aZOROASTRISMO$3UONC000161$2FI 606 $aRELIGIONI IRANICHE$3UONC005635$2FI 620 $aDE$dOsnabrück$3UONL000169 686 $aIR VII$cIRAN ANTICO - FILOSOFIA E RELIGIONE$2A 700 1$aNYBERG$bHenrik Samuel$3UONV002555$0219683 702 1$aSCHAEDER$bHans Heinrich$3UONV010161 712 $aZeller$3UONV245988$4650 801 $aIT$bSOL$c20240220$gRICA 899 $aSIBA - SISTEMA BIBLIOTECARIO DI ATENEO$2UONSI 912 $aUON00018924 950 $aSIBA - SISTEMA BIBLIOTECARIO DI ATENEO$dSI IR VII 011 $eSI IR 1797 6 011 966 $aMAZDEISMO$zZOROASTRISMO$3UONC003238 966 $aPARSISMO$zZOROASTRISMO$3UONC005651 966 $aMAZDEISMO$yZOROASTRISMO$3UONC021761 966 $aRELIGIONI IRANICHE$yZOROASTRISMO$3UONC005635 966 $aZOROASTRISMO - IRAN - BIBLIOGRAFIA$yZOROASTRISMO$3UONC006911 966 $aZURVANISMO$yZOROASTRISMO$3UONC004335 966 $aBAHAISMO$yRELIGIONI IRANICHE$3UONC002815 966 $aMANICHEISMO$yRELIGIONI IRANICHE$3UONC005645 966 $aMAZDAKISMO$yRELIGIONI IRANICHE$3UONC005646 966 $aMITOLOGIA IRANIANA$yRELIGIONI IRANICHE$3UONC000745 966 $aMITRAISMO$yRELIGIONI IRANICHE$3UONC000991 966 $aZOROASTRISMO$yRELIGIONI IRANICHE$3UONC000161 966 $aZURVANISMO$yRELIGIONI IRANICHE$3UONC004335 996 $aIrans forntida religioner$930656 997 $aUNIOR